[Event "WchT Seniors 50"]
[Site "Prague"]
[Date "2025.02.26"]
[Round "9.3"]
[White "Josse, Mark"]
[Black "Liang, Zhihua"]
[Result "1/2-1/2"]
[WhiteElo "2139"]
[BlackElo "2205"]
[PlyCount "101"]
[EventDate "2025.02.17"]
[EventType "team-swiss"]
[EventRounds "9"]
[EventCountry "CZE"]
[SourceTitle "CB09_2025"]
[SourceDate "2025.02.27"]
[SourceVersion "1"]
[SourceVersionDate "2025.02.27"]
[SourceQuality "1"]
[WhiteTeam "England 50 II"]
[BlackTeam "China (W) 50"]
[WhiteTeamCountry "ENG"]
[BlackTeamCountry "CHN"]

1. e4 c5 2. Nc3 g6 3. d4 e6 4. Nf3 a6 5. Be3 Qc7 6. a4 d6 7. Qd2 Bg7 8. Be2 Ne7 9. Rd1 0-0 10. Bh6 Nd7 11. h4 f6 12. dxc5 Bxh6 13. Qxh6 dxc5 14. Qd2 Ne5 15. Nxe5 Qxe5 16. f4 Qc7 17. Qd6 Qxd6 18. Rxd6 Nc6 19. Bc4 Kf7 20. Rd2 Ke7 21. Kf2 Bd7 22. Rhd1 Rad8 23. g3 Nd4 24. b3 Bc6 25. a5 Rd7 26. Bd3 Rfd8 27. Ke3 Rd6 28. Nb1 Bb5 29. Na3 Bxd3 30. Rxd3 R6d7 31. Kf2 Nc6 32. Rxd7+ Rxd7 33. Rxd7+ Kxd7 34. Nc4 Nd4 35. Na3 Kc6 36. Ke3 Nb5 37. Nc4 Nd4 38. Na3 Nb5 39. Nc4 Nc7 40. Kd3 Ne8 41. g4 Ng7 42. g5 Nh5 43. Ke3 Kb5 44. c3 Kc6 45. Kf3 fxg5 46. hxg5 Ng7 47. Ne5+ Kb5 48. Nc4 Kc6 49. Ne5+ Kb5 50. Nc4 Kc6 51. Ne5+ 1/2-1/2

[Event "Kingston op 3rd"]
[Site "Kingston Upon Thames"]
[Date "2024.08.13"]
[Round "3"]
[White "Josse, Mark"]
[Black "Bharat Kumar, Balahari"]
[Result "1-0"]
[WhiteElo "2141"]
[BlackElo "2031"]
[PlyCount "69"]
[EventDate "2024.08.12"]
[EventType "swiss"]
[EventRounds "9"]
[EventCountry "ENG"]
[SourceTitle "CBM 221 Extra"]
[Source "ChessBase"]
[SourceDate "2024.09.30"]
[SourceVersion "1"]
[SourceVersionDate "2024.09.30"]
[SourceQuality "1"]

1. c4 e5 2. Nc3 Nf6 3. Nf3 Nc6 4. e3 d5 5. cxd5 Nxd5 6. Bb5 Nxc3 7. bxc3 e4 8. Ne5 Bd7 9. Nxd7 Qxd7 10. Qa4 f5 11. 0-0 Bd6 12. c4 Be5 13. Rb1 0-0 14. f3 a6 15. Bxc6 bxc6 16. Bb2 Bd6 17. Bd4 Be7 18. fxe4 fxe4 19. h3 Qd6 20. c5 Qg6 21. Rxf8+ Rxf8 22. Qxa6 h5 23. Qe2 Kh7 24. a4 Qg5 25. a5 Bxc5 26. Bxc5 Qxc5 27. a6 Qa5 28. Rf1 Ra8 29. Qc4 Qxa6 30. Qxe4+ Kh8 31. Qg6 Qe2 32. Rf5 Qe1+ 33. Kh2 Qa1 34. Qxh5+ Kg8 35. Qf7+ 1-0

[Event "London Mindsports op 4th"]
[Site "London"]
[Date "2024.07.18"]
[Round "1"]
[White "Josse, Mark"]
[Black "Fitzsimons, David"]
[Result "0-1"]
[WhiteElo "2150"]
[BlackElo "2320"]
[PlyCount "96"]
[EventDate "2024.07.18"]
[EventType "swiss"]
[EventRounds "9"]
[EventCountry "ENG"]
[SourceTitle "CBM 221 Extra"]
[Source "ChessBase"]
[SourceDate "2024.09.30"]
[SourceVersion "1"]
[SourceVersionDate "2024.09.30"]
[SourceQuality "1"]

1. c4 Nf6 2. Nc3 g6 3. e4 Bg7 4. d4 d6 5. h3 0-0 6. Be3 Nbd7 7. Nf3 e5 8. dxe5 dxe5 9. c5 Qe7 10. Nd5 Nxd5 11. Qxd5 Nf6 12. Qc4 Rd8 13. Qc2 Nh5 14. Bc4 Nf4 15. 0-0 Qf6 16. Rfd1 Bd7 17. Bxf4 Qxf4 18. Qb3 Bc6 19. Bd5 Bxd5 20. Rxd5 Qxe4 21. Rxd8+ Rxd8 22. Qxf7+ Kxf7 23. Ng5+ Ke7 24. Nxe4 Rd4 25. Re1 h6 26. f3 Ke6 27. Re3 Kd5 28. Rb3 Kc6 29. Rc3 Bf8 30. Kf1 a5 31. Ke2 a4 32. b3 Kb5 33. bxa4+ Rxa4 34. Rb3+ Kc6 35. Rb2 Ra5 36. Rd2 Bxc5 37. Nxc5 Rxc5 38. Ke3 Rd5 39. Rc2+ Kd6 40. Rc4 c5 41. f4 b5 42. Rc2 exf4+ 43. Kxf4 b4 44. Ke4 Rd4+ 45. Ke3 Kd5 46. Rf2 c4 47. Rf8 Rd3+ 48. Ke2 Rg3 0-1

[Event "County-ch Final"]
[Site "Newark on Trent"]
[Date "2024.06.29"]
[Round "1.7"]
[White "Oswald, Graeme"]
[Black "Josse, Mark"]
[Result "0-1"]
[WhiteElo "2098"]
[BlackElo "2150"]
[PlyCount "76"]
[EventDate "2024.06.29"]
[EventType "team-match"]
[EventRounds "1"]
[EventCountry "ENG"]
[SourceTitle "CBM 221 Extra"]
[Source "ChessBase"]
[SourceDate "2024.09.30"]
[SourceVersion "1"]
[SourceVersionDate "2024.09.30"]
[SourceQuality "1"]
[WhiteTeam "Northumberland"]
[BlackTeam "Surrey"]
[WhiteTeamCountry "ENG"]
[BlackTeamCountry "ENG"]

1. e4 c5 2. Nf3 e6 3. d4 cxd4 4. Nxd4 a6 5. Bd3 Bc5 6. Nb3 Ba7 7. Nc3 Nc6 8. Qe2 d6 9. Be3 Nf6 10. Bxa7 Rxa7 11. a4 0-0 12. 0-0 e5 13. Bc4 Be6 14. Rfd1 Qe7 15. Rd2 Raa8 16. Rad1 Rac8 17. Nd5 Bxd5 18. Bxd5 Nb4 19. c3 Nbxd5 20. exd5 Qc7 21. h3 Qb6 22. Nc1 Qa5 23. f4 Rfe8 24. fxe5 Rxe5 25. Qf3 Qxa4 26. Rd4 Qd7 27. Nd3 Rf5 28. Nf4 Re8 29. c4 h5 30. Qc3 Ne4 31. Qc1 Nc5 32. Qc2 a5 33. Rf1 g6 34. Qc3 Qe7 35. Rf3 h4 36. Rd1 Qe5 37. Rdf1 Qxc3 38. Rxc3 Re4 0-1

[Event "BCF-chT 2324 (4NCL)"]
[Site "England"]
[Date "2024.02.10"]
[Round "5.3"]
[White "Josse, Mark"]
[Black "Cooper, Lawrence"]
[Result "0-1"]
[WhiteElo "2152"]
[BlackElo "2331"]
[PlyCount "70"]
[EventDate "2023.11.11"]
[EventType "team-tourn"]
[EventRounds "11"]
[EventCountry "ENG"]
[SourceTitle "CBM 219 Extra"]
[Source "ChessBase"]
[SourceDate "2024.05.31"]
[SourceVersion "1"]
[SourceVersionDate "2024.05.31"]
[SourceQuality "1"]
[WhiteTeam "Barnet Knights"]
[BlackTeam "Wood Green"]
[WhiteTeamCountry "ENG"]
[BlackTeamCountry "ENG"]

1. Nf3 d5 2. d4 Nf6 3. c4 c6 4. cxd5 cxd5 5. Nc3 Nc6 6. Bf4 a6 7. e3 Bg4 8. Bd3 e6 9. 0-0 Bd6 10. Bxd6 Qxd6 11. h3 Bh5 12. Rc1 0-0 13. a3 Rac8 14. g4 Bg6 15. Bxg6 hxg6 16. Qe2 Nd7 17. Rfd1 Nb6 18. Kg2 Rc7 19. Nd2 Rfc8 20. f4 Na5 21. g5 Nac4 22. Nxc4 Rxc4 23. h4 Na4 24. Na2 Qb6 25. Rxc4 Rxc4 26. Nb4 Nxb2 27. Rb1 Na4 28. Rh1 a5 29. Nd3 Qb3 30. Nf2 Rc2 31. Qf3 Nc3 32. Kg3 Qa2 33. e4 Rxf2 34. Qxc3 dxe4 35. Qc8+ Kh7 0-1

[Event "BCF-chT 2324 (4NCL)"]
[Site "England"]
[Date "2023.11.11"]
[Round "1.4"]
[White "Boswell, Jacob Connor"]
[Black "Josse, Mark"]
[Result "1/2-1/2"]
[WhiteElo "2226"]
[BlackElo "2156"]
[PlyCount "75"]
[EventDate "2023.11.11"]
[EventType "team-tourn"]
[EventRounds "11"]
[EventCountry "ENG"]
[SourceTitle "CBM 217 Extra"]
[Source "ChessBase"]
[SourceDate "2024.01.31"]
[SourceVersion "1"]
[SourceVersionDate "2024.01.31"]
[SourceQuality "1"]
[WhiteTeam "Cheddleton"]
[BlackTeam "Barnet Knights"]
[WhiteTeamCountry "ENG"]
[BlackTeamCountry "ENG"]

1. d4 d5 2. Nf3 Nf6 3. c4 e6 4. Bg5 Be7 5. Nc3 Nbd7 6. e3 h6 7. Bh4 0-0 8. Be2 c5 9. 0-0 dxc4 10. Bxc4 b6 11. a4 Bb7 12. a5 bxa5 13. Be2 Nd5 14. Bxe7 Nxe7 15. dxc5 Nxc5 16. Qxd8 Rfxd8 17. Rxa5 Ne4 18. Rfa1 Nxc3 19. bxc3 a6 20. Kf1 Rac8 21. R1a3 Rd6 22. Rb3 Bd5 23. Rba3 Rdc6 24. Bxa6 Bc4+ 25. Bxc4 Rxc4 26. Ra7 Ng6 27. Rb7 Rxc3 28. Raa7 Rf8 29. h4 Rc1+ 30. Ke2 Rc2+ 31. Ke1 Rc5 32. Nd4 Re5 33. h5 Nf4 34. g3 Nxh5 35. Nc6 Rc5 36. Nd4 Re5 37. Nf3 Rc5 38. Nd4 1/2-1/2

[Event "Kingston-B 2nd"]
[Site "Kingston Upon Thames"]
[Date "2023.07.28"]
[Round "8"]
[White "Bergsson, Stefan"]
[Black "Josse, Mark"]
[Result "1/2-1/2"]
[WhiteElo "2169"]
[BlackElo "2175"]
[PlyCount "50"]
[EventDate "2023.07.24"]
[EventType "tourn"]
[EventRounds "9"]
[EventCountry "ENG"]
[SourceTitle "CBM 215 Extra"]
[Source "ChessBase"]
[SourceDate "2023.09.30"]
[SourceVersion "1"]
[SourceVersionDate "2023.09.30"]
[SourceQuality "1"]

1. e4 c5 2. Nf3 e6 3. d4 cxd4 4. Nxd4 a6 5. Bd3 Bc5 6. Nb3 Ba7 7. Nc3 Nc6 8. Qe2 d6 9. 0-0 b5 10. a4 b4 11. Nd1 a5 12. Bb5 Bd7 13. Bf4 e5 14. Be3 Nf6 15. Bg5 h6 16. Bh4 g5 17. Bg3 Nd4 18. Nxd4 Bxd4 19. c3 bxc3 20. Nxc3 0-0 21. Bxd7 Bxc3 22. Bc6 Rc8 23. Bb7 Rb8 24. bxc3 Rxb7 25. h4 Rb3 1/2-1/2

[Event "Kingston-B 2nd"]
[Site "Kingston Upon Thames"]
[Date "2023.07.27"]
[Round "7"]
[White "Josse, Mark"]
[Black "Johnson, Daniel"]
[Result "1/2-1/2"]
[WhiteElo "2175"]
[BlackElo "2224"]
[PlyCount "39"]
[EventDate "2023.07.24"]
[EventType "tourn"]
[EventRounds "9"]
[EventCountry "ENG"]
[SourceTitle "CBM 215 Extra"]
[Source "ChessBase"]
[SourceDate "2023.09.30"]
[SourceVersion "1"]
[SourceVersionDate "2023.09.30"]
[SourceQuality "1"]

1. c4 e6 2. Nc3 d5 3. d4 Nf6 4. cxd5 exd5 5. Bg5 c6 6. e3 Bd6 7. Bd3 0-0 8. Nge2 Re8 9. Qc2 h6 10. Bf4 a5 11. h3 Na6 12. a3 Nc7 13. 0-0 Ne6 14. Bxd6 Qxd6 15. Ng3 b5 16. Rfc1 Bd7 17. Qd1 Ng5 18. Bf5 Bxf5 19. Nxf5 Qd7 20. Ng3 1/2-1/2

[Event "Kingston-B 2nd"]
[Site "Kingston Upon Thames"]
[Date "2023.07.25"]
[Round "2"]
[White "Makepeace, Philip"]
[Black "Josse, Mark"]
[Result "1/2-1/2"]
[WhiteElo "2055"]
[BlackElo "2175"]
[PlyCount "126"]
[EventDate "2023.07.24"]
[EventType "tourn"]
[EventRounds "9"]
[EventCountry "ENG"]
[SourceTitle "CBM 215 Extra"]
[Source "ChessBase"]
[SourceDate "2023.09.30"]
[SourceVersion "1"]
[SourceVersionDate "2023.09.30"]
[SourceQuality "1"]

1. e4 c5 2. Nf3 d6 3. Bb5+ Nd7 4. 0-0 a6 5. Be2 Ngf6 6. d3 g6 7. a4 Bg7 8. Nc3 0-0 9. a5 b5 10. axb6 Qxb6 11. Nd2 Qc7 12. Nc4 Nb6 13. Na5 Bd7 14. Bf3 Ra7 15. Be3 e5 16. h3 Rb8 17. Qd2 Be8 18. Ra2 Raa8 19. Rfa1 Bd7 20. b3 Bc8 21. Bg5 Bb7 22. Re1 Kh8 23. Bxf6 Bxf6 24. Nd5 Nxd5 25. exd5 Kg7 26. Nc6 Bxc6 27. dxc6 Rb4 28. Re4 a5 29. Rxb4 cxb4 30. Qe3 Rb8 31. Qe4 Rb5 32. Qc4 Rc5 33. Qa6 d5 34. Qb7 Bd8 35. Kf1 f5 36. d4 exd4 37. Ke2 Kf6 38. Qxc7 Bxc7 39. Kd3 Ke5 40. Ra1 Rc3+ 41. Kd2 d3 42. cxd3 Rxb3 43. Re1+ Kd4 44. Re7 Bf4+ 45. Ke2 Rb2+ 46. Kf1 Rb1+ 47. Ke2 Rb2+ 48. Kf1 Rc2 49. Rd7 Rc5 50. Bd1 Kxd3 51. g3 Be5 52. f4 Bb8 53. Ba4 Kc3 54. Rb7 Bd6 55. Rd7 b3 56. Rb7 b2 57. Rb3+ Kc4 58. Rxb2 d4 59. Ke2 g5 60. fxg5 Bxg3 61. Kf3 Be5 62. Rb7 d3 63. Rxh7 Kb4 1/2-1/2

[Event "ENG-ch Seniors 50"]
[Site "Leamington Spa"]
[Date "2023.05.06"]
[Round "4"]
[White "Josse, Mark"]
[Black "Alldritt, Nigel RE"]
[Result "1/2-1/2"]
[WhiteElo "2160"]
[BlackElo "1954"]
[PlyCount "101"]
[EventDate "2023.05.04"]
[EventType "swiss"]
[EventRounds "7"]
[EventCountry "ENG"]
[SourceTitle "CBM 214 Extra"]
[Source "ChessBase"]
[SourceDate "2023.07.31"]
[SourceVersion "1"]
[SourceVersionDate "2023.07.31"]
[SourceQuality "1"]

1. c4 e5 2. Nc3 Bb4 3. Qc2 c6 4. Nf3 Qe7 5. a3 Ba5 6. b4 Bc7 7. g3 Nf6 8. d3 d6 9. Bg2 0-0 10. 0-0 Nbd7 11. e4 Rd8 12. Re1 Nf8 13. d4 Ng6 14. d5 Bd7 15. h3 cxd5 16. cxd5 Rdc8 17. Qb3 b5 18. Be3 a5 19. Bf1 a4 20. Qc2 Rab8 21. Qd3 Qd8 22. Rac1 Bb6 23. Bxb6 Qxb6 24. Rc2 Ne7 25. Rec1 Nh5 26. Kg2 f5 27. Be2 Nf6 28. Ng5 h6 29. Ne6 fxe4 30. Nxe4 Nexd5 31. Bg4 Rxc2 32. Nxf6+ Nxf6 33. Rxc2 Nxg4 34. Qg6 Qb7+ 35. Kg1 Bxe6 36. Qxe6+ Qf7 37. Qxg4 Kh7 38. Qe4+ g6 39. h4 Kg7 40. Rc6 Rf8 41. Qc2 Qb3 42. Qxb3 axb3 43. Rc3 b2 44. Rb3 Ra8 45. Rxb2 Rxa3 46. Rd2 Ra6 47. Rd5 Rb6 48. Kg2 Kf6 49. Kf3 Ke6 50. Ke4 g5 51. hxg5 1/2-1/2

[Event "BCF-chT2 2223 (4NCL)"]
[Site "England"]
[Date "2023.04.29"]
[Round "9.25"]
[White "Josse, Mark"]
[Black "Merriman, James"]
[Result "1-0"]
[WhiteElo "2160"]
[BlackElo "2203"]
[PlyCount "71"]
[EventDate "2022.10.22"]
[EventType "team-tourn"]
[EventRounds "11"]
[EventCountry "ENG"]
[SourceTitle "EXT 2024"]
[Source "ChessBase"]
[SourceDate "2023.10.10"]
[SourceVersion "1"]
[SourceVersionDate "2023.10.10"]
[SourceQuality "1"]
[WhiteTeam "Barnet Knights"]
[BlackTeam "KJCA Kings"]
[WhiteTeamCountry "ENG"]
[BlackTeamCountry "ENG"]

1. e4 e6 2. d4 d5 3. Nd2 Be7 4. Ngf3 Nf6 5. e5 Nfd7 6. Bd3 c5 7. c3 Nc6 8. 0-0 a5 9. Re1 cxd4 10. cxd4 Qb6 11. Nb1 Nxd4 12. Nxd4 Qxd4 13. Nc3 Qb6 14. Qg4 Kf8 15. Nb5 Nc5 16. Be3 Bd7 17. Nd6 Bxd6 18. exd6 Qxd6 19. Qg3 Ke7 20. Bg5+ f6 21. Bxf6+ gxf6 22. Qg7+ Ke8 23. Qxh8+ Qf8 24. Qxh7 Kd8 25. Rac1 b6 26. Re3 Kc7 27. Rxe6 Qg8 28. Qxg8 Rxg8 29. Rxf6 Bc6 30. h4 d4 31. Bg6 Rd8 32. h5 d3 33. h6 d2 34. Rd1 Bb5 35. h7 Be2 36. Rxd2 1-0

[Event "GBR-ch Seniors 50 108th"]
[Site "Torquay"]
[Date "2022.08.11"]
[Round "4"]
[White "Kennedy, Craig"]
[Black "Josse, Mark"]
[Result "1-0"]
[WhiteElo "1873"]
[BlackElo "2220"]
[PlyCount "89"]
[EventDate "2022.08.08"]
[EventType "swiss"]
[EventRounds "7"]
[EventCountry "ENG"]
[SourceTitle "EXT 2024"]
[Source "ChessBase"]
[SourceDate "2023.10.10"]
[SourceVersion "1"]
[SourceVersionDate "2023.10.10"]
[SourceQuality "1"]

1. Nf3 d5 2. b4 Bg4 3. Ne5 Bf5 4. Bb2 f6 5. Nf3 e5 6. a3 a5 7. b5 c5 8. bxc6 Nxc6 9. e3 Qb6 10. Qc1 a4 11. Nc3 d4 12. Nd5 Qd8 13. Bc4 b5 14. Ba2 Be4 15. c4 dxe3 16. fxe3 b4 17. Nxb4 Bxb4 18. axb4 Nxb4 19. 0-0 Ne7 20. d4 Bxf3 21. Rxf3 e4 22. Rf1 Nd3 23. Qc3 Nxb2 24. Qxb2 0-0 25. c5+ Kh8 26. Qc2 f5 27. Qc4 Qc8 28. Rab1 Rf6 29. Rb4 a3 30. d5 Ra5 31. Rb5 Rxb5 32. Qxb5 f4 33. exf4 e3 34. d6 Nc6 35. Qd3 Nb4 36. Qxa3 e2 37. Qxb4 exf1Q+ 38. Kxf1 h5 39. Qc4 Qf8 40. g3 Qa8 41. Qd5 Qa6+ 42. Kf2 Qc8 43. d7 Qd8 44. Qxh5+ Rh6 45. Qe8+ 1-0

[Event "BCF-chT 2122 (4NCL)"]
[Site "England"]
[Date "2022.06.25"]
[Round "10.87"]
[White "Josse, Mark"]
[Black "Myall, Ivan J"]
[Result "1/2-1/2"]
[WhiteElo "2235"]
[BlackElo "2028"]
[PlyCount "83"]
[EventDate "2021.11.27"]
[EventType "team-swiss"]
[EventRounds "11"]
[EventCountry "ENG"]
[SourceTitle "EXT 2023"]
[Source "ChessBase"]
[SourceDate "2022.10.05"]
[SourceVersion "1"]
[SourceVersionDate "2022.10.05"]
[SourceQuality "1"]
[WhiteTeam "Barnet Knights"]
[BlackTeam "Anglian Avengers"]
[WhiteTeamCountry "ENG"]
[BlackTeamCountry "ENG"]

1. c4 c6 2. e4 d5 3. exd5 cxd5 4. cxd5 Nf6 5. Nc3 Nxd5 6. Bc4 Nb6 7. Bb3 Nc6 8. Nf3 e6 9. d4 Be7 10. 0-0 0-0 11. Ne4 Nd5 12. Qd3 h6 13. a3 f5 14. Ng3 Bd6 15. Re1 Qf6 16. Bd2 Kh8 17. Bc3 Nce7 18. Ne5 Nf4 19. Qf3 Ned5 20. Bxd5 Nxd5 21. Nh5 Qg5 22. h4 Qd8 23. Ng6+ Kg8 24. Nxf8 Kxf8 25. g3 g6 26. Bd2 gxh5 27. Bxh6+ Kg8 28. Qxh5 Qf6 29. Qe8+ Bf8 30. Rac1 Qxh6 31. Rxc8 Rxc8 32. Qxc8 Kf7 33. Qxb7+ Be7 34. Qd7 f4 35. g4 Qg6 36. g5 Qf5 37. Re5 Qg4+ 38. Kf1 Qd1+ 39. Kg2 Qg4+ 40. Kf1 f3 41. Rxd5 Qg2+ 42. Ke1 1/2-1/2

[Event "BCF-chT 2122 (4NCL)"]
[Site "England"]
[Date "2022.05.02"]
[Round "9.85"]
[White "Shepley, Julien M"]
[Black "Josse, Mark"]
[Result "0-1"]
[WhiteElo "1865"]
[BlackElo "2235"]
[PlyCount "154"]
[EventDate "2021.11.27"]
[EventType "team-swiss"]
[EventRounds "11"]
[EventCountry "ENG"]
[SourceTitle "EXT 2023"]
[Source "ChessBase"]
[SourceDate "2022.10.05"]
[SourceVersion "1"]
[SourceVersionDate "2022.10.05"]
[SourceQuality "1"]
[WhiteTeam "Guildford Castles"]
[BlackTeam "Barnet Knights"]
[WhiteTeamCountry "ENG"]
[BlackTeamCountry "ENG"]

1. e4 c5 2. Nc3 Nc6 3. Bb5 Nd4 4. Nf3 e6 5. 0-0 a6 6. Bd3 Nc6 7. Re1 d6 8. Rb1 g5 9. Kh1 h5 10. Bf1 g4 11. Ng1 Bh6 12. d3 Qf6 13. Bxh6 Nxh6 14. Qd2 h4 15. Nd1 Bd7 16. c3 Ke7 17. Ne3 Rag8 18. Nd5+ exd5 19. exd5+ Kf8 20. dxc6 Bxc6 21. d4 cxd4 22. Qxd4 Qxd4 23. cxd4 Nf5 24. Rbd1 Bd5 25. b3 h3 26. Ne2 hxg2+ 27. Bxg2 Bxg2+ 28. Kxg2 Nh4+ 29. Kg3 Nf3 30. Rh1 Rh3+ 31. Kf4 Ke7 32. Ng3 d5 33. Rc1 Kd6 34. Nf5+ Ke6 35. Rc7 Rg5 36. Ne3 Rg8 37. Rxb7 Nxd4 38. Rb6+ Kd7 39. Nxd5 Rf3+ 40. Ke4 Nc6 41. Rb7+ Kd8 42. Ne3 Re8+ 43. Kd3 Kc8 44. Rb6 Kc7 45. Rxc6+ Kxc6 46. Rc1+ Kb7 47. Rc2 f5 48. Kd4 Rh8 49. Nc4 Rxh2 50. Nd6+ Kb8 51. Rc8+ Ka7 52. Rf8 Rhxf2 53. Kc5 Rc2+ 54. Nc4 Kb7 55. Rf7+ Kc8 56. Kb6 Rxc4 57. bxc4 g3 58. c5 Rf2 59. c6 Rb2+ 60. Kc5 g2 61. Rg7 f4 62. Rg8+ Kc7 63. Rg7+ Kc8 64. Rg8+ Kc7 65. Rg7+ Kd8 66. Rg8+ Ke7 67. c7 Rc2+ 68. Kb6 f3 69. Kb7 a5 70. a4 Kd7 71. Rg7+ Kd6 72. Rg6+ Kd5 73. c8Q Rxc8 74. Kxc8 f2 75. Rxg2 f1Q 76. Rg5+ Kc6 77. Rg6+ Kc5 0-1

[Event "BCF-chT 2122 (4NCL)"]
[Site "England"]
[Date "2022.05.01"]
[Round "8.125"]
[White "Josse, Mark"]
[Black "Rabbitt, Michael"]
[Result "0-1"]
[WhiteElo "2235"]
[BlackElo "1968"]
[PlyCount "98"]
[EventDate "2021.11.27"]
[EventType "team-swiss"]
[EventRounds "11"]
[EventCountry "ENG"]
[SourceTitle "EXT 2023"]
[Source "ChessBase"]
[SourceDate "2022.10.05"]
[SourceVersion "1"]
[SourceVersionDate "2022.10.05"]
[SourceQuality "1"]
[WhiteTeam "Barnet Knights"]
[BlackTeam "Check Innmates"]
[WhiteTeamCountry "ENG"]
[BlackTeamCountry "ENG"]

1. c4 c6 2. d4 d5 3. cxd5 cxd5 4. Bf4 Nf6 5. Nc3 Nc6 6. e3 Bd7 7. Bd3 Rc8 8. Nf3 e6 9. 0-0 a6 10. Rc1 Be7 11. Ne5 b5 12. a4 b4 13. Nb1 Qb6 14. b3 0-0 15. Qe2 a5 16. Nd2 Rfd8 17. Bg5 Be8 18. Qf3 Nxe5 19. dxe5 Ne4 20. Bxe7 Nxd2 21. Qg4 Nxf1 22. Bf6 g6 23. Rxf1 Rd7 24. h4 Rdc7 25. Qg5 Qc5 26. h5 Qf8 27. h6 Ra7 28. Rb1 Rc3 29. Be2 Bc6 30. Qh4 Rd7 31. Kh2 Qc5 32. Bf3 Bb7 33. Qf4 Ba6 34. Rb2 d4 35. exd4 Rxd4 36. Qg5 Rd7 37. Qf4 Qd4 38. Be4 Bd3 39. f3 Bxe4 40. fxe4 Qe3 41. Qh4 Rd1 42. Rf2 Qe1 43. Rf3 Qxh4+ 44. Bxh4 Rxf3 45. gxf3 Rd3 46. Kg3 Rxb3 47. Bd8 Ra3 48. Bxa5 b3 49. Bc3 Rxa4 0-1

[Event "Titled Tuesday intern op 15th Feb Late"]
[Site "Chess.com INT"]
[Date "2022.02.15"]
[Round "9"]
[White "Antova, Gabriela"]
[Black "Josse, Mark"]
[Result "0-1"]
[WhiteElo "2304"]
[BlackElo "2235"]
[PlyCount "80"]
[EventDate "2022.02.15"]
[EventType "swiss (blitz)"]
[EventRounds "11"]
[EventCountry "USA"]
[SourceTitle "CBM 206 Extra"]
[Source "ChessBase"]
[SourceDate "2022.03.31"]
[SourceVersion "1"]
[SourceVersionDate "2022.03.31"]
[SourceQuality "1"]

1. d4 d5 2. Nf3 Nf6 3. c4 c6 4. Nc3 e6 5. e3 Nbd7 6. Qc2 Bd6 7. g4 h6 8. h3 b6 9. cxd5 exd5 10. Bd3 Bb7 11. b3 Rc8 12. Bb2 Qe7 13. Rg1 c5 14. Kf1 c4 15. Be2 Ne4 16. Nxe4 dxe4 17. Nd2 c3 18. Bxc3 0-0 19. a4 f5 20. Nc4 Bb8 21. Qd2 Rf7 22. Bb4 Qh4 23. Rg2 f4 24. exf4 e3 25. Qxe3 Bxg2+ 26. Kxg2 Bxf4 27. Qd3 Bg5 28. Rf1 Be7 29. Be1 Qg5 30. Qe3 Rcf8 31. Qxg5 Bxg5 32. Bd3 Nf6 33. d5 Nxd5 34. Ne5 Re7 35. Nf3 Bf4 36. Bc4 Rd8 37. Bb4 Red7 38. Rd1 Kh8 39. Be1 Nf6 40. Rc1 Bxc1 0-1

[Event "Titled Tuesday intern op 15th Feb Late"]
[Site "Chess.com INT"]
[Date "2022.02.15"]
[Round "3"]
[White "Josse, Mark"]
[Black "Przybylski, Wojciech"]
[Result "0-1"]
[WhiteElo "2235"]
[BlackElo "2321"]
[PlyCount "32"]
[EventDate "2022.02.15"]
[EventType "swiss (blitz)"]
[EventRounds "11"]
[EventCountry "USA"]
[SourceTitle "CBM 206 Extra"]
[Source "ChessBase"]
[SourceDate "2022.03.31"]
[SourceVersion "1"]
[SourceVersionDate "2022.03.31"]
[SourceQuality "1"]

1. d4 Nf6 2. Nf3 e6 3. c4 b6 4. g3 Ba6 5. b3 Bb4+ 6. Nbd2 0-0 7. Bg2 d5 8. Qc2 Nbd7 9. 0-0 c5 10. Ne5 Rc8 11. Bb2 cxd4 12. Bxd4 Nxe5 13. Bxe5 dxc4 14. Nxc4 b5 15. a3 Be7 16. Rfd1 Qe8 0-1

[Event "Titled Tuesday intern op 15th Feb Late"]
[Site "Chess.com INT"]
[Date "2022.02.15"]
[Round "7"]
[White "Josse, Mark"]
[Black "Quirke, Jeffrey"]
[Result "1-0"]
[WhiteElo "2235"]
[BlackElo "2086"]
[PlyCount "69"]
[EventDate "2022.02.15"]
[EventType "swiss (blitz)"]
[EventRounds "11"]
[EventCountry "USA"]
[SourceTitle "CBM 206 Extra"]
[Source "ChessBase"]
[SourceDate "2022.03.31"]
[SourceVersion "1"]
[SourceVersionDate "2022.03.31"]
[SourceQuality "1"]

1. e4 c5 2. Nc3 a6 3. Nf3 e6 4. d4 cxd4 5. Nxd4 b5 6. Bd3 Bb7 7. 0-0 Nc6 8. Nxc6 Bxc6 9. Qe2 Bc5 10. Be3 Bxe3 11. Qxe3 Ne7 12. e5 0-0 13. Rad1 Qc7 14. f4 f5 15. exf6 Rxf6 16. Ne4 Bxe4 17. Bxe4 Raf8 18. g3 Rc8 19. Qd3 Nf5 20. Qxd7 Ne3 21. Qxc7 Rxc7 22. Rd8+ Kf7 23. Re1 Nc4 24. b3 Na3 25. Re2 h6 26. Rd6 g5 27. fxg5 hxg5 28. Rxa6 b4 29. Rb6 Kg8 30. Rxb4 Rcf7 31. Rb8+ Kg7 32. Rb7 Rf1+ 33. Kg2 Rxb7 34. Kxf1 Rc7 35. c4 1-0

[Event "Titled Tuesday intern op 19th Oct"]
[Site "Chess.com INT"]
[Date "2021.10.19"]
[Round "3"]
[White "Jary, Sergey"]
[Black "Josse, Mark"]
[Result "0-1"]
[WhiteElo "2275"]
[BlackElo "2235"]
[PlyCount "108"]
[EventDate "2021.10.19"]
[EventType "swiss (blitz)"]
[EventRounds "11"]
[EventCountry "USA"]
[SourceTitle "CBM 204 Extra"]
[Source "ChessBase"]
[SourceDate "2021.11.30"]
[SourceVersion "1"]
[SourceVersionDate "2021.11.30"]
[SourceQuality "1"]

1. e4 e5 2. Nf3 Nc6 3. d4 exd4 4. Bc4 Nf6 5. 0-0 Nxe4 6. Re1 d5 7. Bxd5 Qxd5 8. Nc3 Qf5 9. Nxe4 Be6 10. Bg5 h6 11. Nh4 Qd5 12. Bf6 Bd6 13. Bxg7 0-0-0 14. Bxh8 Rxh8 15. Nxd6+ cxd6 16. Qf3 Qg5 17. Qg3 Qd5 18. Nf3 f6 19. Rad1 Rg8 20. Qf4 Ne5 21. Re4 f5 22. Rdxd4 Nxf3+ 23. Qxf3 fxe4 24. Qxe4 Qxe4 25. Rxe4 Bd5 26. Rd4 Bxg2 27. Rxd6 h5 28. f4 h4 29. Kf2 Bh3 30. Rh6 Rg2+ 31. Ke3 Rxc2 32. Rxh4 Rxh2 33. b4 Kc7 34. a4 Rh1 35. Kd2 Bg2 36. Rg4 Be4 37. Rg7+ Kb6 38. Ke3 Bd5 39. Kd4 Rd1+ 40. Ke5 Bf3 41. Rg6+ Kc7 42. Rg7+ Rd7 43. Rg6 b6 44. f5 Rd5+ 45. Kf4 Bd1 46. Rg7+ Rd7 47. f6 Bb3 48. a5 b5 49. Ke5 Kc6 50. Rg3 Rd5+ 51. Ke4 Bc2+ 52. Ke3 Bb3 53. Kf4 Kd6 54. f7 Ke7 0-1

[Event "Titled Tuesday intern op 19th Oct"]
[Site "Chess.com INT"]
[Date "2021.10.19"]
[Round "1"]
[White "Josse, Mark"]
[Black "Bartel, Michal"]
[Result "0-1"]
[WhiteElo "2235"]
[BlackElo "2167"]
[PlyCount "66"]
[EventDate "2021.10.19"]
[EventType "swiss (blitz)"]
[EventRounds "11"]
[EventCountry "USA"]
[SourceTitle "CBM 204 Extra"]
[Source "ChessBase"]
[SourceDate "2021.11.30"]
[SourceVersion "1"]
[SourceVersionDate "2021.11.30"]
[SourceQuality "1"]

1. d4 Nf6 2. Nf3 c5 3. d5 e6 4. c4 exd5 5. cxd5 d6 6. Nc3 g6 7. h3 Bg7 8. e4 0-0 9. Bg5 h6 10. Be3 Re8 11. Bd3 c4 12. Bc2 b5 13. a3 a6 14. Qd2 Kh7 15. 0-0 Nbd7 16. Rfe1 Qc7 17. Bf4 Bb7 18. Rac1 Rad8 19. b4 cxb3 20. Bxb3 Nc5 21. Bc2 Nfd7 22. h4 Qa5 23. e5 dxe5 24. Be3 e4 25. Nd4 Ne5 26. Nxe4 Qxd2 27. Nxd2 Bxd5 28. Bxg6+ fxg6 29. Rxc5 Nd3 30. Rec1 Nxc1 31. Rxc1 Rc8 32. Rxc8 Rxc8 33. N2f3 Rc3 0-1